00856nam a2200217 i 450000100060000000300090000600500170001500700030003200800410003502000180007610000280009424502060012226000420032830000300037050000130040065000280041370000360044185200220047799900170049995201220051627880ES-MaACL20250723094621.0t|030115s1983 sp ||||1| spa d a84-7102-997-91 aBabor, Joseph A.92442310aQuímica general moderna b: una introducción a la química física y a la química descriptiva superior (inorgánica, orgánica y bioquímica) /cpor Joseph A. Babor y José Ibarz Aznárez. aBarcelona : bManuel Marín, c1983. aXXIII, 1144 p. ; c24 cm. aIndices.07aQuímica2embne9166251 aIbarz Aznárez, José.964981 aES-MaACLjL-11411 c27880d27880 00104070aATENEOMbATENEOMcDEPO2d2008-01-17eSCl0oL-11411p1028787r2023-02-23 00:00:00w2023-02-23yMONOGRAFIA